En que ha contribuido la escuela médico-militar al desarrollo de la fisiología experimental en México (Record no. 84100)

MARC details
000 -LEADER
campo de control de longitud fija 00587nam a2200157 i 4500
001 - NÚMERO DE CONTROL
campo de control 84100
003 - IDENTIFICADOR DE NÚMERO DE CONTROL
campo de control ES-MaACL
005 - FECHA Y HORA DE LA ÚLTIMA TRANSACCIÓN
campo de control 20230906174938.0
007 - CAMPO FIJO DE DESCRIPCIÓN FÍSICA--INFORMACIÓN GENERAL
campo de control de longitud fija t|
008 - DATOS DE LONGITUD FIJA--INFORMACIÓN GENERAL
campo de control de longitud fija 041119s1937 mx ||||1| spa d
100 1# - ENTRADA PRINCIPAL--NOMBRE DE PERSONA
Nombre de persona Izquierdo, José Joaquín.
9 (RLIN) 65708
245 10 - MENCIÓN DEL TÍTULO
Título En que ha contribuido la escuela médico-militar al desarrollo de la fisiología experimental en México
Resto del título : reflexiónes a propósito de la inaguración de su nuevo laboratorio /
Mención de responsabilidad, etc. por José José Izquierdo.
260 ## - PUBLICACIÓN, DISTRIBUCIÓN, ETC.
Lugar de publicación, distribución, etc. México :
Nombre del editor, distribuidor, etc. [s.n.,
Fecha de publicación, distribución, etc. 1937] (
Fabricante Imp. La Nación)
300 ## - DESCRIPCIÓN FÍSICA
Extensión 62 p.
852 ## - LOCALIZACIÓN
Ubicación ES-MaACL
Número de control de estantería 1820-F-14
Holdings
Estatus retirado Estado de pérdida Estado de daño No para préstamo Colección Biblioteca de origen Biblioteca actual Ubicación en estantería Fecha de adquisición Fuente de adquisición Total de préstamos Signatura topográfica completa Código de barras Visto por última vez Precio de reemplazo Tipo de ítem Koha
        Colección de folletos Biblioteca del Ateneo de Madrid Biblioteca del Ateneo de Madrid Depósito folletos 17/01/2008     1820-F-14 1087890 23/02/2023 23/02/2023 Folleto